000 00811cab a2200277 4500
001 ABS59982
008 090401t1999 xxu||||| |||| 00| 0 eng d
035 _a(Sirsi) u90843
041 _aeng
100 _aHartley, S.
245 _aLand administration reforms in Eastern Europe
260 _c1999
350 _a0
490 _aGeo Informatics
_v2, January/February 1999, 12-15(3)
520 _aAn analysis of the changes in land administration and ownership which have taken place in Eastern Europe following the end of communism.
650 _aCOMMUNISM
650 _aEASTERN EUROPE
650 _aLAND ADMINISTRATION
650 _aLAND MARKET
650 _aLAND OWNERSHIP
650 _aLAND REFORM
650 _aPROPERTY OWNERSHIP
690 _aLAND
942 _n0
948 _c21/01/1999
999 _c57626
_d57626